000 01124nam a2200337Ia 4500
001 dia_1570
003 CHAP
008 220117s1998 xx 000 0 und d
010 _a172114
020 _a968-6708-38-3
040 _cCHAP
082 _a621.4022 L48 1998
100 _aLevenspiel, Octave
_966433
245 _aFlujo de fluidos e intercambio de calor /
_c Octave Levenspiel ; traducción J. Costa López
260 _aMéxico :
_b Reverté,
_c1998
300 _axvii, 373 p.
500 _aTítulo original: Engineering flow and heat exchange \ Los ejemplares 4 y 5 son material fotocopiados
503 _aI. 194117 (ej.1) \ I. 194118 (ej.2) \ I. 200968 (ej.3)
504 _aIncluye bibliografías
590 _aTA357 L48 1998
650 _aCalor
_xTransmisión
_917579
650 _aDinámica de fluidos
_932627
650 _aFluid dynamics
_9151040
650 _aHeat
_xTransmission
_9151041
700 _aCosta López, J., tr.
_9151042
901 _a621.4022 L48 1998
902 _aM
905 _a5232271998 mx amn 8222223322spa16
942 _c0
999 _c172114
_d172114